Jawaharlal Nehru's foreign policy: determinants, principles and conduct (Record no. 477175)

000 -LEADER
fixed length control field 00469cam a22001457a 4500
008 - FIXED-LENGTH DATA ELEMENTS--GENERAL INFORMATION
fixed length control field 180718b1977 xxu||||| |||| 00| 0 eng d
082 ## - DEWEY DECIMAL CLASSIFICATION NUMBER
Classification number Dx54 M371
100 ## - MAIN ENTRY--PERSONAL NAME
Personal name Masaldan, P.N.
245 ## - TITLE STATEMENT
Title Jawaharlal Nehru's foreign policy: determinants, principles and conduct
Statement of responsibility, etc. by P.N. Masaldan
260 ## - PUBLICATION, DISTRIBUTION, ETC.
Place of publication, distribution, etc. Nagpur
Name of publisher, distributor, etc. Nagpur Univ.
Date of publication, distribution, etc. 1977
300 ## - PHYSICAL DESCRIPTION
Extent 51p.
440 ## - SERIES STATEMENT/ADDED ENTRY--TITLE
Title N.E.L.P. Jawaharlal Nehru Memorial Lecture, series
500 ## - GENERAL NOTE
General note Rs.3.50
650 ## - SUBJECT ADDED ENTRY--TOPICAL TERM
Topical term or geographic name entry element India - Foreign Relations
Holdings
Withdrawn status Lost status Damaged status Not for loan Permanent Location Current Location Date acquired Full call number Barcode Date last seen Price effective from Koha item type
        Indian Institute of Public Administration Indian Institute of Public Administration 2018-08-04 Dx54 M371 GR10843 2018-08-04 2018-08-04 GR

Powered by Koha